Top 50 ACTIVE Homerun Leaders - Statistics

General Stats
  • This quiz has been taken 101 times
    99 since last reset
  • The average score is 24 of 50
Answer Stats
Rank POS HR Player % Correct
11. RF 315 Aaron Judge
94%
1. DH 429 Giancarlo Stanton
84%
2. RF 378 Mike Trout
83%
7. 1B 336 Bryce Harper
82%
26. DH 225 Shohei Ohtani
82%
4. 1B 343 Freddie Freeman
77%
35. 1B/CF 196 Cody Bellinger
75%
17. SS 271 Mookie Betts
75%
3. 1B 362 Paul Goldschmidt
75%
5. 3B/DH 342 Manny Machado
69%
6. 3B 341 Nolan Arenado
66%
29. LF 204 Christian Yelich
65%
24. LF/2B 229 Jose Altuve
65%
T - 41 2B/3B 191 Alex Bregman
64%
31. RF 201 Juan Soto
64%
25. 1B 226 Pete Alonso
64%
T - 32 3B 200 Rafael Devers
64%
13. DH 284 Kyle Schwarber
61%
21. SS 248 Francisco Lindor
60%
20. 3B 255 José Ramírez
58%
16. C 273 Salvador Perez
57%
34. 1B/DH 198 Justin Turner
55%
19. 1B 259 Matt Olson
55%
T - 32 SS 200 Corey Seager
52%
15. DH 275 Marcell Ozuna
45%
T - 39 RF 192 Teoscar Hernández
45%
12. 1B 303 Anthony Rizzo
44%
18. RF 261 George Springer
44%
10. OF/DH 319 Andrew McCutchen
43%
T - 45 RF 184 Kris Bryant
42%
T - 36 3B 195 Max Muncy
42%
43. SS 187 Carlos Correa
40%
49. SS 181 Javier Báez
36%
14. 3B 276 Eugenio Suárez
35%
48. 3B 182 Matt Chapman
35%
9. 1B 324 Carlos Santana
34%
50. SS 179 Trevor Story
34%
22. 2B 238 Marcus Semien
32%
44. 2B 186 Xander Bogaerts
31%
23. RF 233 Nick Castellanos
29%
8. DH 331 J.D. Martinez
23%
T - 45 C 184 Gary Sánchez
22%
27. DH 209 Joc Pederson
19%
T - 41 RF 191 Jorge Soler
18%
T - 45 OF 184 Jason Heyward
12%
38. C 194 Yasmani Grandal
12%
28. 1B/OF 208 Joey Gallo
10%
30. RF 203 Randal Grichuk
10%
T - 39 RF 192 Hunter Renfroe
9%
T - 36 OF 195 Adam Duvall
6%
No matching quizzes found
Score Distribution
Percent of People with Each Score
Percentile by Number Answered
Your Score History
You have not taken this quiz since the last reset